000 00467nam a2200169 i 4500
001 84578
003 ES-MaACL
005 20230906175036.0
007 t|
008 041123s1901 fr ||||1| fre d
100 1 _aJanet, Paul (
_d1823-1899)
_966018
245 1 4 _aLes causes finales /
_cpar Paul Janet.
250 _a4éme éd.
260 _aParis :
_b[s.n.],
_c1901 (
_eCoulommiers :
_fPaul Brodard)
300 _aXI, 755 p. ;
_c23 cm.
852 _aES-MaACL
_jB-6613
999 _c84578
_d84578